00000000nam 2200000zi 4500
0019.921706
003CaOODSP
00520240507101543
006m     o  d f      
007cr |n|||||||||
008230417e202303##onc     ob   f|0| 0 eng d
040 |aCaOODSP|beng|erda|cCaOODSP
043 |an-cn---
0861 |aXC62-1/1-441-10E-PDF
1101 |aCanada. |bParliament. |bHouse of Commons. |bStanding Committee on Health, |eauthor, |eissuing body.
24510|aAddressing Canada's health workforce crisis / |cSean Casey, chair.
264 1|a[Ottawa] : |bHouse of Commons, Canada = Chambre des communes, Canada, |cMarch 2023.
300 |a1 online resource (viii, 58 pages).
336 |atext|btxt|2rdacontent
337 |acomputer|bc|2rdamedia
338 |aonline resource|bcr|2rdacarrier
4901 |aReport of the Standing Committee on Health ; |v10th report, 44th Parliament, 1st session
500 |aIssued also in French under title: Venir à bout de la crise des effectifs du secteur de la santé au Canada.
500 |aOriginal published on: 2023/03/06; published on: 2023/04/14.
504 |aIncludes bibliographical references.
520 |a"Canada’s health workforce is in crisis. The stress of the COVID-19 pandemic amplified pre-existing challenges in the health care system leading to widespread staffing shortages as well as exhaustion and burnout among health care professionals. Over the course of seven meetings, the House of Commons Standing Committee on Health (the Committee) conducted a study on Canada’s health workforce to determine how the crisis can be addressed, with a focus on the retention and recruitment of health care providers. The Committee received testimony from national and regional health profession organizations, educational institutions, not-for-profit organizations, individual health care professionals and other health workforce stakeholders"--Summary.
650 0|aMedical personnel|xJob stress|zCanada.
650 0|aHealth services administration|zCanada.
7001 |aCasey, Sean, |d1963-
77508|tVenir à bout de la crise des effectifs du secteur de la santé au Canada / |w(CaOODSP)9.921711
830#0|aReport of the Standing Committee on Health ;|v10th report, 44th Parliament, 1st session.|w(CaOODSP)9.507061
85640|qPDF|s3.18 MB|uhttps://publications.gc.ca/collections/collection_2023/parl/xc62-1/XC62-1-1-441-10-eng.pdf
8564 |qHTML|sN/A|uhttps://www.ourcommons.ca/DocumentViewer/en/44-1/HESA/report-10